Loading...
| Literature - European Literature | 0 | 10 | 0 | 0 | 100 | 86 | 107.90 | 0 | 5 |
| Literature - World Literature | 0 | 5 | 1 | 0 | 45 | 73 | 116.60 | 0 | 0 |
| Literature - American Literature | 0 | 6 | 3 | 2 | 45 | 82 | 118.17 | 0 | 0 |
| Fine Arts - Painting and Sculpture | 0 | 3 | 0 | 2 | 30 | 113 | 133.00 | 0 | 0 |
| Fine Arts - Other Fine Arts | 0 | 3 | 0 | 1 | 30 | 95 | 109.00 | 0 | 0 |
| Religion | 0 | 2 | 0 | 0 | 20 | 87 | 90.50 | 0 | 0 |
| Social Science | 0 | 2 | 1 | 1 | 15 | 120 | 122.50 | 0 | 0 |
| Literature - British Literature | 0 | 2 | 1 | 0 | 15 | 105 | 107.00 | 0 | 1 |
| Fine Arts - Classical Music | 0 | 2 | 1 | 0 | 15 | 87 | 109.50 | 0 | 1 |
| Other Academic | 0 | 1 | 0 | 1 | 10 | 130 | 130.00 | 0 | 1 |
| Science - Other Science | 0 | 1 | 1 | 0 | 5 | 76 | 76.00 | 0 | 1 |
| Philosophy | 0 | 1 | 2 | 0 | 0 | 93 | 93.00 | 0 | 0 |
| History - Other History | 0 | 0 | 0 | 0 | 0 | 0.00 | 0 | 0 | |
| Science - Physics | 0 | 1 | 2 | 0 | 0 | 55 | 55.00 | 0 | 1 |
| Mythology | 0 | 0 | 0 | 0 | 0 | 0.00 | 0 | 0 |